000 00712nam a2200217Ia 4500
003 GCL
008 140319s9999 xx 000 0 ara d
040 _aGCL /
_cGCL
082 0 4 _a891.7
_bف ك
100 1 _aفلاديموف، جورجى
245 1 0 _aالكلاب /
_cفلاديموف، جورجى
700 1 _aعايدة شكرى
260 _a[S.N] :
_bالهيئة المصرية العامة للكتاب ،
_c1988
300 _a243 ص
490 _aالرواية العالمية
_v0
650 0 4 _aالادب العربى
650 0 4 _aالادب الروسى
650 0 4 _aالقصة الروسية المترجمة
650 0 4 _aالقصة العربية المترجمة
942 _2ddc
_cBK
999 _c29889
_d29889